Laboratory manual in mathematics at secondary stage / (Record no. 41457)

MARC details
000 -LEADER
fixed length control field 00586nam a22001937a 4500
005 - DATE AND TIME OF LATEST TRANSACTION
control field 20250106164452.0
010 ## - LCCN (DPL NO)
LC control number ENG-100093 ENG-143163
020 ## - INTERNATIONAL STANDARD BOOK NUMBER
International Standard Book Number 9788174509895
Terms of availability 85.00
035 ## - SYSTEM CONTROL NUMBER
System control number EN-83625
035 ## - SYSTEM CONTROL NUMBER
System control number EN-126695
037 ## - SOURCE OF ACQUISITION
Source of stock number/acquisition DBAD
082 ## - DEWEY DECIMAL CLASSIFICATION NUMBER
Classification number 510
245 ## - TITLE STATEMENT
Title Laboratory manual in mathematics at secondary stage /
260 ## - PUBLICATION, DISTRIBUTION, ETC. (IMPRINT)
Place of publication, distribution, etc New Delhi
Name of publisher, distributor, etc National Council of Educational Research and Training
Date of publication, distribution, etc 2009
270 ## - ADDRESS
Address Sri Aurobindo Marg
City New Delhi
Postal code 110016
300 ## - PHYSICAL DESCRIPTION
Extent 203p.
Dimensions 25cm (pbk)
650 ## - SUBJECT ADDED ENTRY--TOPICAL TERM
Topical term or geographic name as entry element Mathematics
942 ## - ADDED ENTRY ELEMENTS (KOHA)
Source of classification or shelving scheme Dewey Decimal Classification
Item type English Books
Classification part 510
Call number suffix LAB
Holdings
Withdrawn status Lost status Not for loan Collection code Home library Current library Date acquired Source of acquisition Cost, normal purchase price Full call number Barcode Copy number Cost, replacement price Koha item type
    Not For Loan Non-fiction D.B.Act.Division D.B.Act.Division 12/08/2010 DBAD/PUB 85.00 510 LAB EN-83625 1 85.00 English Books
      Non-fiction Kadipur Kadipur 06/01/2025 Delivery of Books Division 85.00 510 LAB EN-126695 1 85.00 English Books

© Delhi Public Library
Hit Counter
free hit counter